000 01414nam a2200373Ia 4500
001 ebr10571299
003 CaPaEBR
006 m u
007 cr cn|||||||||
008 120514s2012 inu sb 001 0 eng d
010 _z 2012015584
020 _z9780268040598
020 _z0268040591
020 _z9780268091774
040 _aCaPaEBR
_cCaPaEBR
035 _a(OCoLC)801194748
050 1 4 _aBL240.3
_b.R877 2012eb
082 0 4 _a261.5/5
_223
100 1 _aRussell, Robert J.
245 1 0 _aTime in eternity
_h[electronic resource] :
_bPannenberg, physics, and eschatology in creative mutual interaction /
_cRobert John Russell.
260 _aNotre Dame, Ind. :
_bUniversity of Notre Dame Press,
_cc2012.
300 _axiii, 440 p.
504 _aIncludes bibliographical references and index.
533 _aElectronic reproduction.
_bPalo Alto, Calif. :
_cebrary,
_d2011.
_nAvailable via World Wide Web.
_nAccess may be limited to ebrary affiliated libraries.
600 1 0 _aPannenberg, Wolfhart,
_d1928-
650 0 _aReligion and science.
650 0 _aSpace and time
_xReligious aspects
_xChristianity.
650 0 _aEternity.
650 0 _aEschatology.
650 0 _aCosmology.
655 7 _aElectronic books.
_2local
710 2 _aebrary, Inc.
856 4 0 _uhttp://site.ebrary.com/lib/rucke/Doc?id=10571299
_zAn electronic book accessible through the World Wide Web; click to view
999 _c81308
_d81308